عرض عادي عرض مارك
  • البسام، ليلى صالح سليمان.

مدخل إسم شخص

عدد التسجيلات المستخدمة في: 1

001 - رقم الضبط

  • حقل الضبط: 2683

003 - معرف رقم الضبط

  • حقل الضبط: OSt

005 - تاريخ ووقت أخر عملية

  • حقل الضبط: 20110813004700.0

008 - عناصر بيانات ثابتة الطول

  • حقل تحكم ثابت الطول: 110813|||a|||||| | ||| d

040 ## - مصدر الفهرسة

  • هيئة الفهرسة الأصلية: OSt
  • وكالة الكتابة: OSt

100 ## - مدخل -- أسم شخص

  • إسم شخص: البسام، ليلى صالح سليمان.

670 ## - بيانات المصدر موجوده

  • الاستشهاد بالمصدر: Work cat.: (OSt)2609: البسام، ليلى صالح سليمان., التراث التقليدي لملابس النساء في نجد, 1405 = 1985